000 00603nam a22002051a 4500
001 2138
003 OSt
005 20260204211801.0
008 040124s1968||||xxu||||||b||||||||||spa||
050 _a651.3 G65s
082 _a025 G65s
100 _aDe Gorbea, Josefina O.
245 _aSistema de archivar y control de documentos / Josefina G. de Gorbea
264 _aEstados Unidos de América : South Western Prublishing Company
300 _a188 p
500 _aIncluye indice.
650 _a1.Archivo - Funcionamiento
700 _aDe García Dias Eva S. 2.De Vela, Olga M.Ì
942 _2ddc
_cBK
999 _c2138
_d2138